书目信息 |
| 题名: |
材料力学解体指导及习题集
|
|
| 作者: | 本书 编 | |
| 分册: | ||
| 出版信息: |
|
|
| 页数: | 656页 | |
| 开本: | 16开 | |
| 丛书名: | ||
| 单 册: | ||
| 中图分类: | TB301-44 | |
| 科图分类: | ||
| 主题词: | 工程材料 | |
| 电子资源: | ||
| ISBN: | ||
| 000 | 00498nam0 2200181 45 | |
| 001 | 0006211561 | |
| 005 | 20000621160228.1 | |
| 010 | @d3.70元 | |
| 100 | @a20000621d km y0chiy0120 ea | |
| 101 | 0 | @achi |
| 105 | @a z 000yy | |
| 200 | 1 | @a材料力学解体指导及习题集@ACai Liao Li Xue Jie Ti Zhi Dao Ji Xi Ti Ji@f本书编@FBen Shu Bian |
| 215 | @a656页@d16开 | |
| 606 | 0 | @a工程材料 |
| 690 | @aTB301-44@v3 | |
| 701 | 0 | @a本书@4编 |
| 801 | @aCN@bPftUser@c20000621 | |
| 905 | @b209318@dTB301-44@eQ:138@f1 | |
| 材料力学解体指导及习题集/本书编 |
| 656页;16开 |
| ISBN :3.70元 |
| ● |
| 相关链接 |
|
|
|
正题名:材料力学解体指导及习题集
索取号:TB301-44/Q:138
 
预约/预借
| 序号 | 登录号 | 条形码 | 馆藏地/架位号 | 状态 | 备注 |
| 1 | 209318 | 202093180 | 自科库501/501自科库 12排1列3层/ [索取号:TB301-44/Q:138] | 在馆 |